Animals By Picture - Close Up Noses - Statistics

General Stats
  • This quiz has been taken 547 times
  • The average score is 11 of 15
Answer Stats
Picture Answer % Correct
Lion
96%
Snake
94%
Orca
93%
Owl
90%
Bear
87%
Cat
87%
Rat
84%
Dog
83%
Mandrill
78%
Cow
76%
Moose
60%
Seal
60%
Parrot
46%
Elephant Shrew
40%
Tapir
39%
No matching quizzes found
Score Distribution
Percent of People with Each Score
Percentile by Number Answered
Your Score History
You have not taken this quiz